Zdokonalení řízení technické normalizace v návaznosti na plánovaní a uplatňování úkolů RVT záverečná práca postgraduálneho štúdia

Saved in:
Bibliographic Details
Main Author: Vrkoč, Pavel
Corporate Author: Vysoká škola ekonomická v Bratislave
Other Authors: Füzyová, Ľubica
Format: Book
Language:Czech
Published: Bratislava 1989
Tags: Add Tag
No Tags, Be the first to tag this record!

MARC

LEADER 00000nam a2200000 4500
001 c039999
005 20260108100159.3
041 0 |a cze 
044 |a SK 
245 1 0 |a Zdokonalení řízení technické normalizace v návaznosti na plánovaní a uplatňování úkolů RVT  |b záverečná práca postgraduálneho štúdia  |c Pavel Vrkoč ; Ved. práce Ľuba Füzyová 
264 1 |a Bratislava  |c 1989 
300 |a 71 s. 
100 1 |a Vrkoč, Pavel 
700 1 |a Füzyová, Ľubica 
710 2 |a Vysoká škola ekonomická v Bratislave